Bonaire-QuizđŸ‡§đŸ‡¶ - Statistiken

Allgemein
  • Dieses Quiz wurde 10 mal gespielt
  • Das Durchschnittsergebnis liegt bei 10 aus 16
Antwortstatistiken
Frage Antwort % Korrekt
Politische Zugehörigkeit (Land) NiederlandeđŸ‡łđŸ‡±
100%
1. Amtssprache NiederlÀndisch
100%
Kontinent, zu dem die Insel gehört SĂŒdamerika
75%
WĂ€hrung US-Dollar
75%
Land, vor dessen KĂŒste Bonaire ist VenezuelađŸ‡»đŸ‡Ș
75%
2. Inselgruppe, zu der Bonaire gezÀhlt wird ABC-Inseln
63%
1. Inselgruppe, zu der Bonaire gezÀhlt wird Antillen
63%
Nationalvogel (rosa Gefieder) Flamingo
63%
Meer, in dem die Insel liegt Karibik
63%
Wichtigster Wirtschaftssektor Tourismus
63%
Art des Klimas (Adjektiv mit t) Tropisch
63%
Telefonvorwahl (599-...) 7
50%
Kfz-Kennzeichen NL
50%
Staatsoberhaupt König Willem-Alexander
38%
Hauptstadt Kralendijk
38%
2. Amtssprache Papiamentu
25%
Keine ĂŒbereinstimmenden Quizze gefunden
Verteilung der Resultate
Anzahl Personen mit jedem Resultat
Perzentil nach korrekt beantworteten Fragen
Ihre Resultats-Entwicklung
Sie haben dieses Quiz noch nicht gespielt